Logo BPK

Biblioteka

Politechniki Koszalińskiej

Projektowanie eksperymentalnych systemów badawczych w budowie i eksploatacji maszyn / (Rekord nr 43685)

Szczegóły MARC
000 -ETYKIETA REKORDU
podpole kontrolne o stałej długości 01289nam a2200337 i 4500
001 - NUMER KONTROLNY REKORDU
pole kontrolne bg
003 - IDENTYFIKATOR NUMERU KONTROLNEGO REKORDU
podpole kontrolne BPK
005 - DATA OSTATNIEJ MODYFIKACJI REKORDU
podpole kontrolne 20191024122846.0
008 - POLE O STAŁEJ DŁUGOŚCI - DANE KONTROLNE
podpole kontrolne o stałej długości 991005s1999 pl a |000 0 pol
015 ## - NUMER BIBLIOGRAFII NARODOWEJ
Numer bibliografii narodowej PB 1999/16239
020 ## - MIĘDZYNARODOWY ZNORMALIZOWANY NUMER KSIĄŻKI - ISBN
ISBN 8372040931
040 ## - ŹRÓDŁO KATALOGOWANIA
Instytucja, która sporządziła opis WA N
Instytucja, która utworzyła rekord BPK
041 0# - KOD JĘZYKA
Kod języka tekstu pol
080 ## - UNIWERSALNA KLASYFIKACJA DZIESIĘTNA - UKD
UKD 621.01
080 ## - UNIWERSALNA KLASYFIKACJA DZIESIĘTNA - UKD
UKD 62-047.42
100 1# - NAZWA OSOBOWA
Nazwa osobowa Leszek, Wiesław
Daty związane z nazwą (1937- )
Określenie rodzaju współpracy Autor
245 10 - TYTUŁ/ODPOWIEDZIALNOŚĆ
Tytuł Projektowanie eksperymentalnych systemów badawczych w budowie i eksploatacji maszyn /
Pozostałe elementy strefy tytułu i oznaczenia odpowiedzialności Wiesław Leszek, Adam Mazurkiewicz, Magdalena Trzos.
260 ## - STREFA ADRESU WYDAWNICZEGO
Miejsce wydania Radom :
Nazwa wydawcy/dystrybutora Instytut Technologii Eksploatacji,
Data publikacji, dystrybucji/powstania dokumentu cop. 1999.
300 ## - STREFA OPISU FIZYCZNEGO
Objętość 127, [1] s. :
Inne cechy fizyczne 1 rys., wykr. ;
Rozmiary 24 cm.
490 1# - STREFA SERII I DOKUMENTU WIELOCZĘŚCIOWEGO - FORMA NIE DO WYSZUKIWANIA
Tytuł i oznaczenie odpowiedzialności serii Biblioteka Problemów Eksploatacji.
504 ## - UWAGA DOTYCZĄCA BIBLIOGRAFII
Informacje o bibliografii Bibliogr. s. 102-103.
650 #4 - HASŁO PRZEDMIOTOWE W FORMIE NAZWY OGÓLNEJ LUB JEDNOSTKOWEJ
Nazwa ogólna lub geograficzna Eksperyment
Określnik ogólny stosowanie
-- technika.
650 #4 - HASŁO PRZEDMIOTOWE W FORMIE NAZWY OGÓLNEJ LUB JEDNOSTKOWEJ
Nazwa ogólna lub geograficzna Eksperyment
Określnik ogólny teoria.
650 #4 - HASŁO PRZEDMIOTOWE W FORMIE NAZWY OGÓLNEJ LUB JEDNOSTKOWEJ
Nazwa ogólna lub geograficzna Maszyny
Określnik ogólny budowa i konstrukcje
-- badanie
-- metody.
650 #4 - HASŁO PRZEDMIOTOWE W FORMIE NAZWY OGÓLNEJ LUB JEDNOSTKOWEJ
Nazwa ogólna lub geograficzna Maszyny
Określnik ogólny obsługa i eksploatacja
-- badanie
-- metody.
700 1# - HASŁO DODATKOWE - NAZWA OSOBOWA
Nazwa osobowa Trzos, Magdalena.
700 1# - HASŁO DODATKOWE - NAZWA OSOBOWA
Nazwa osobowa Mazurkiewicz, Adam
Daty związane z nazwą (1952- )
Określenie związku między hasłem a opisywanym materiałem Autor
856 ## - LOKALIZACJA I DOSTĘP DO ELEKTRONICZNYCH DOKUMENTÓW ZDALNYCH
Link (URL) http://koha.tu.koszalin.pl/cgi-bin/koha/opac-detail.pl?biblionumber=43685
Tekst linku Katalog online BPK
830 #0 - HASŁO DODATKOWE SERII LUB DOKUMENTU WIELOCZĘŚCIOWEGO - TYTUŁ UJEDNOLICONY
Tytuł ujednolicony Biblioteka Problemów Eksploatacji
942 ## - DODATKOWE ELEMENTY (KOHA)
Schemat klasyfikacji Uniwersalna Klasyfikacja Dziesiętna
Typ dokumentu Książka
Egzemplarze
Wycofany Status egzemplarza Uszkodzony Dostępność Lokalizacja stała Lokalizacja bieżąca Miejsce przechowywania Sygnatura Kod kreskowy Dział Typ dokumentu
      Tylko na miejscu Biblioteka Politechniki Koszalińskiej Biblioteka Politechniki Koszalińskiej Czytelnia BG 69820 02159997 621.01 Mechanika techniczna Książka
      Dostępny Biblioteka Politechniki Koszalińskiej Biblioteka Politechniki Koszalińskiej Wypożyczalnia BG 69821 02159980   Książka
© 2023 Biblioteka Politechniki Koszalińskiej :: KOHA